000 01118nam a2200313 i 4500
003 EG-GICUC
005 20260421222202.0
008 260421s1986 ua ad||fr|||| 000 0 ara d
017 _a1986/7339
040 _a EG-GICUC
_bara
_c EG-GICUC
_d EG-GICUC
_erda
041 0 _aara
082 0 4 _221
_a345.6231
_bم ح . ت
092 0 4 _221
099 _aLaw1 07 345.6231 م ح . ت 1986
100 0 _aمحمد فتوع محمد عثمان
_eمؤلف.
245 1 2 _aالتفويض في الإختصاصات الإدارية :
_bدراسة مقارنة /
_cدكتور محمد فتوع محمد عثمان.
264 1 _aالقاهرة :
_bدار المنار،
_c1986.
300 _a271 صفحة :
_c24 سم.
336 _2rda content
_atext
337 _2rda media
_aComputer
338 _2rda carrier
_aOnline Resource
504 _a. 271-269ببليوجرافيا: صفحات.
546 _aالنص باللغة العربية
650 1 4 _aالقانون الاداري
_2qrmak
651 1 _2qrmak
856 4 0 _uhttps://fll.law.cu.edu.eg/fulltext/bks/B07-02161.pdf
905 _a47
942 _2ddc
_cBK
_e21
_n0
999 _c72753
_d72753